000 00871nas a2200289 4500
001 BR9203797
003 BR-BrBNA
005 20231205095059.0
007 ta
008 230509b bl.|||p| |||| 00| 00por d
040 _aBR-BrBNA
_bpor
_cBiblioteca Nacional de Agricultura
041 _a(Pt)
072 _aN20
100 1 _aFontana, C.
100 1 _aDallmeyer, A.U.
100 1 _aPozzera, J.
100 1 _aWeiss, A.
245 1 _aDesempenho comparativo de tratores com e sem tracao dianteira auxiliar durante a escarificacao do solo
650 _aTrator
650 _aSolo
650 _aEscarificacao
650 _aMecanizacao
650 _aMaquina Agricola
773 0 _tRevista do Centro de Ciencias Rurais (Brazil)
_xISSN 0085-5901
_g(Jul-Sep 1986), v. 16(3) p. 237-249
_wBR9203797
909 _a202311
_bLúcia
_c55
_dLúcia Elande
942 _2AGRIS
_n0
_cANA
999 _c148614
_d148614